[Event "Premier"]
[Site "Hastings ENG"]
[Date "2001.12.29"]
[Round "1"]
[White "Pert,N"]
[Black "Gallagher,Jo"]
[Result "1/2-1/2"]
[WhiteElo "2451"]
[BlackElo "2511"]

1.d4 Nf6 2.Nf3 g6 3.g3 Bg7 4.Bg2 O-O 5.O-O d6 6.c4 Nbd7 7.Nc3 e5 8.h3 exd4
9.Nxd4 Re8 10.e4 a6 11.Re1 Rb8 12.Rb1 Ne5 13.b3 c5 14.Nc2 Nc6 15.Nd5 Nxd5
16.cxd5 Nd4  1/2-1/2

[Event "Premier"]
[Site "Hastings ENG"]
[Date "2001.12.29"]
[Round "1"]
[White "Hebden,M"]
[Black "Wells,P"]
[Result "0-1"]
[WhiteElo "2567"]
[BlackElo "2517"]

1.d4 Nf6 2.Nf3 d5 3.c4 e6 4.Bg5 dxc4 5.Qa4+ Nbd7 6.e4 a6 7.Bxc4 c5 8.O-O cxd4
9.Nxd4 Bd6 10.Be2 O-O 11.Qc2 b5 12.Nc6 Qc7 13.Ne7+ Kh8 14.Qxc7 Bxc7 15.Nxc8 Rfxc8
16.Nc3 Be5 17.Rfd1 Nc5 18.Bxf6 gxf6 19.Bh5 Ra7 20.Rac1 Rac7 21.b3 Kg7 22.Ne2 Nxe4
23.Rxc7 Rxc7 24.f4 Bd6 25.Bf3 f5 26.Kf1 Ba3 27.Ng3 Nf6 28.Nh5+ Nxh5 29.Bxh5 Kh6
30.Bf3 Bc1 31.g3 Rc2 32.a4 Be3 33.Be2 bxa4 34.bxa4 a5 35.Rd7 Kg6 36.h4 Ra2
37.Bb5 Rf2+ 38.Ke1 Rg2 39.Rd8 Kf6 40.Ra8 Bd2+ 41.Kd1 Bb4 42.Rg8 Bd6 43.Rd8 Bb4
44.Rg8 Bd6 45.Ra8 Rxg3 46.Rxa5 Bxf4 47.Ra7 Rc3 48.Ke2 Be3 49.Rb7 e5 50.Be8 e4
51.Rxf7+ Ke6 52.Rxh7 f4 53.Bd7+ Kf6 54.Bg4 Bd4 55.Rh5 f3+ 56.Kd1 Rc5 57.Rxc5 Bxc5
58.a5 Ke5 59.a6 Kf4 60.Bd7 e3 61.Bb5 Kg3 62.Ke1 Kg2  0-1

[Event "Premier"]
[Site "Hastings ENG"]
[Date "2001.12.30"]
[Round "2"]
[White "Zhang Zhong"]
[Black "Kiriakov,P"]
[Result "1/2-1/2"]
[WhiteElo "2657"]
[BlackElo "2547"]

1.e4 e6 2.d4 d5 3.Nc3 Nf6 4.Bg5 dxe4 5.Nxe4 Be7 6.Bxf6 gxf6 7.Nf3 f5 8.Nc3 Bf6
9.Qd2 c5 10.d5 exd5 11.Nxd5 Bxb2 12.Rd1 Be6 13.Bb5+ Nc6 14.O-O a6 15.c4 Bg7
16.Qf4 Rc8 17.Bxc6+ bxc6 18.Qg3 O-O 19.Nf4 Qf6 20.Nh5 Qg6 21.Nxg7 Qxg3 22.fxg3 Kxg7
23.Rc1 Rfd8 24.Rc2 Rd3 25.Nd2 Rcd8 26.Nb3 Rd1 27.Rxd1 Rxd1+ 28.Kf2 Kf6 29.Ke3 Re1+
30.Kd2 Rh1 31.h3 Rf1 32.Kc3 f4 33.Nxc5 fxg3 34.Ne4+ Ke5 35.Nxg3 Rb1 36.Re2+ Kd6
37.Ne4+ Ke7 38.Nd2 Rc1+ 39.Kb2 Rd1 40.Nb3 Kd6 41.Kc2 Rf1 42.Kc3 c5 43.Rd2+ Kc6
44.Rb2 Bc8 45.Re2 Rg1 46.a4 Be6 47.Re5 Rxg2 48.Rxc5+ Kb6 49.Kb4 Bxh3 50.Rh5 Be6
51.Rxh7 Rg8 52.Na5 Rg5 53.Nb3 a5+ 54.Kc3 Rg3+ 55.Kb2 Bxc4 56.Rh6+ Be6 57.Nd4 Re3
58.Rh5 Bc4 59.Rf5 Rd3 60.Nf3 Rb3+ 61.Kc2 Re3 62.Kd2 Rd3+ 63.Kc2 Rd6 64.Ne5 Be6
65.Rf6 Kc5 66.Kc3  1/2-1/2

[Event "Premier"]
[Site "Hastings ENG"]
[Date "2002.01.01"]
[Round "4"]
[White "Zhang Zhong"]
[Black "Hebden,M"]
[Result "1/2-1/2"]
[WhiteElo "2657"]
[BlackElo "2567"]

1.e4 e5 2.Nf3 Nc6 3.Bb5 a6 4.Ba4 Nf6 5.O-O Be7 6.Re1 b5 7.Bb3 O-O 8.a4 Bb7
9.d3 d6 10.Nbd2 Qd7 11.c3 Rfe8 12.Nf1 h6 13.Ne3 Nd8 14.Nf5 Bf8 15.N3h4 Kh8
16.axb5 axb5 17.Rxa8 Bxa8 18.Qf3 Ng8 19.Ne3 Ne6 20.Nhf5 Nc5 21.Bc2 g6 22.Nh4 Bg7
23.Nd5 Rf8 24.Be3 c6 25.Nb4 Na4 26.Bxa4 bxa4 27.d4 Qe7 28.g3 Nf6 29.dxe5 dxe5
30.Nd3 Qb7 31.Bxh6 Bxh6 32.Qxf6+ Bg7 33.Qd6 Qb5 34.Re3 c5 35.Nxe5 Qxb2 36.Nhxg6+ fxg6
37.Nxg6+ Kg8 38.Nxf8 Qb1+ 39.Kg2 Bxe4+ 40.f3 Qa2+ 41.Kh3 Bxf8 42.Qf6 Bh7
43.Qg5+ Kf7 44.Qf4+ Kg7 45.Re8 Qf7 46.Qg4+ Bg6 47.Ra8 Kh7 48.Qxa4 Qxf3 49.Ra7+ Bg7
50.Qh4+ Kg8 51.Qd8+ Kh7 52.Qh4+ Kg8 53.Qd8+ Kh7  1/2-1/2

[Event "Premier"]
[Site "Hastings ENG"]
[Date "2002.01.02"]
[Round "5"]
[White "Pert,N"]
[Black "Barsov,A"]
[Result "1/2-1/2"]
[WhiteElo "2451"]
[BlackElo "2525"]

1.d4 e6 2.c4 Bb4+ 3.Bd2 a5 4.Nf3 Nc6 5.d5 Nce7 6.e4 exd5 7.cxd5 Nf6 8.Bxb4 axb4
9.Qd4 c5 10.Qxc5 Nxe4 11.Qd4 Nf6 12.d6 Nc6 13.Qe3+ Kf8 14.Bc4 Ne8 15.O-O Nxd6
16.Bb3 Nf5 17.Qd3 Qf6 18.Nbd2 Nfd4 19.Bd5 Nxf3+ 20.Nxf3 g6 21.Qd2 Kg7 22.Rfe1 Ra5
23.Rad1 b6 24.Re4 Bb7 25.Qe3 Rxd5 26.Rxd5 Ne7 27.Rxd7 Nf5 28.Qf4 Bxe4 29.Qxe4 Rc8
30.g3 Qxb2 31.g4 Nh6 32.h3 Qc1+ 33.Kg2 Qc6 34.Qd4+ Kg8 35.Rd6 Qc5 36.Rxb6 Qxd4
37.Nxd4 Rc4 38.Nc6 f5 39.gxf5 Nxf5 40.Nxb4 Rc3 41.a4 Ra3 42.Ra6 Nd4 43.Nd5 Kf7
44.Ne3 Ne6 45.h4 h5 46.Kf3 g5 47.hxg5 Nxg5+ 48.Kf4 Nh3+ 49.Kg3 Ng5 50.Ra8 Ne4+
51.Kf3 Nc5 52.Ra5 Nxa4 53.Kg3 Ra2 54.Rxh5 Nc3 55.Rh4 Ra4 56.Rh7+ Kg6 57.Rc7 Ne4+
58.Kf3 Ng5+ 59.Kg2 Rf4 60.Rc6+ Rf6 61.Rc4 Re6 62.Rc8 Nf7 63.Nd5 Re5 64.Rg8+ Kh6
65.Ne3 Rg5+  1/2-1/2

[Event "Premier"]
[Site "Hastings ENG"]
[Date "2002.01.03"]
[Round "6"]
[White "Kiriakov,P"]
[Black "Pert,N"]
[Result "1/2-1/2"]
[WhiteElo "2547"]
[BlackElo "2451"]

1.d4 d5 2.c4 c6 3.Nc3 Nf6 4.e3 a6 5.b3 Bg4 6.Qc2 e6 7.Bd3 Bh5 8.Bb2 Nbd7
9.Nge2 Bg6 10.Rd1 b5 11.O-O Qb8 12.h3 Be7 13.Ba1 Nb6 14.c5 Nbd7 15.b4 Bxd3
16.Qxd3 a5 17.a3 O-O 18.f4 g6 19.Bb2 Ne8 20.g4 f5 21.g5 h6 22.h4 h5 23.Rb1 a4
24.Ng3 Ng7 25.Rbe1 Rf7 26.Nb1 Nf8 27.Nd2 Bd8 28.Nf3 Bc7 29.Qc3 Qe8 30.Rf2 Rd8
31.Ref1 Rdd7 32.Kg2 Rde7 33.Ne2 Nd7 34.Nc1 Bb8 35.Nd3 Qc8 36.Nfe5 Bxe5 37.fxe5 Nf8
38.Qe1 Qb7 39.Rf4 Rd7 40.Qf2 Rde7  1/2-1/2

[Event "Premier"]
[Site "Hastings ENG"]
[Date "2002.01.04"]
[Round "7"]
[White "Wells,P"]
[Black "Barsov,A"]
[Result "0-1"]
[WhiteElo "2517"]
[BlackElo "2525"]

1.c4 e6 2.Nc3 Bb4 3.e4 Ne7 4.Nf3 c5 5.e5 Nbc6 6.Ne4 O-O 7.a3 Ba5 8.Nxc5 Nxe5
9.Nxe5 d6 10.Nxf7 Rxf7 11.Nb3 b5 12.Nxa5 Qxa5 13.b4 Qb6 14.d4 bxc4 15.Be3 Nf5
16.Bxc4 Qc6 17.Qb3 Qxg2 18.O-O-O a5 19.b5 a4 20.Qb4 Rc7 21.Kb1 Rb8 22.Bd3 Bd7
23.Ka1 Qd5 24.Rc1 Rcb7 25.Bc4 Qe4 26.Rhe1 Bxb5 27.Bd2 Qxd4+  0-1

[Event "Premier"]
[Site "Hastings ENG"]
[Date "2002.01.04"]
[Round "7"]
[White "Hebden,M"]
[Black "Kiriakov,P"]
[Result "1-0"]
[WhiteElo "2567"]
[BlackElo "2547"]

1.d4 e6 2.Nf3 Nf6 3.c3 b6 4.Bg5 Bb7 5.Nbd2 Be7 6.h4 Ne4 7.Nxe4 Bxe4 8.Bxe7 Qxe7
9.Nd2 Bb7 10.e4 c5 11.a3 O-O 12.Bd3 d6 13.dxc5 bxc5 14.Qe2 Nd7 15.f4 Rab8
16.O-O-O Nb6 17.Nc4 Nxc4 18.Bxc4 Qc7 19.f5 d5 20.exd5 Qf4+ 21.Kb1 exd5 22.Bxd5 Qxf5+
23.Qd3 Qg4 24.Bxb7 Rxb7 25.Qd5 Rb6 26.Rd2 Qc8 27.Rf1 h6 28.Rf5 Rd6 29.Qxd6 Qxf5+
30.Ka2 Re8 31.Rd5 Qc2 32.Rxc5 Qxg2 33.h5 Qc2 34.Rb5 Qe2 35.Qd5 Qf1 36.Rc5 a6
37.a4 Rb8 38.Qc4 Qxc4+ 39.Rxc4 Rb6 40.Rc8+ Kh7 41.Rc7 Rf6 42.b4 g5 43.hxg6+ Kxg6
44.b5 axb5 45.axb5 h5 46.Re7 h4 47.c4 h3 48.Ka3 Kg5 49.Re1 h2 50.c5 Rh6 51.Rh1 Kf6
52.b6 Ke7 53.b7 Rh8 54.Rxh2 Rb8 55.c6 Kd6 56.Rh6+ Kc7 57.Rf6 Rg8 58.Kb4 Kb6
59.Kc4 Rd8 60.Kc3 Re8 61.Kd4 Rd8+ 62.Kc4 Re8 63.Kd5 Rd8+ 64.Rd6 Rf8 65.Rd7 f5
66.c7 Kxb7 67.Rd8  1-0

[Event "Premier"]
[Site "Hastings ENG"]
[Date "2002.01.05"]
[Round "8"]
[White "Pert,N"]
[Black "Hebden,M"]
[Result "0-1"]
[WhiteElo "2451"]
[BlackElo "2567"]

1.d4 Nf6 2.Nf3 g6 3.c4 Bg7 4.Nc3 O-O 5.Bg5 c5 6.d5 d6 7.e4 a6 8.Nd2 h6 9.Bh4 e5
10.Be2 Qe8 11.a3 h5 12.b4 Nbd7 13.f3 Nh7 14.Bf2 b6 15.Rb1 Bh6 16.bxc5 bxc5
17.Qa4 Qe7 18.Nb3 h4 19.Na5 Qg5 20.O-O Ndf6 21.Kh1 Nh5 22.Rfd1 Ng3+ 23.Kg1 Nxe2+
24.Nxe2 Bh3 25.g3 Rab8 26.Rb3 Rxb3 27.Qxb3 f5 28.exf5 hxg3 29.hxg3 Qxf5 30.Qd3 e4
31.Qxe4 Qxe4 32.fxe4 Bg4 33.Nb7 Ng5 34.Nf4 Bxd1 35.Nxd6 Rb8 36.Bxc5 Rb2 37.Be3 Bf3
38.Bd4 Rd2 39.Bb6 Bg4 40.a4  0-1

[Event "Premier"]
[Site "Hastings ENG"]
[Date "2002.01.06"]
[Round "9"]
[White "Wells,P"]
[Black "Pert,N"]
[Result "1-0"]
[WhiteElo "2517"]
[BlackElo "2451"]

1.e4 e6 2.d4 d5 3.Nd2 c5 4.Ngf3 cxd4 5.Nxd4 Nc6 6.Bb5 Bd7 7.Nxc6 Bxc6 8.Bxc6+ bxc6
9.c4 Bc5 10.Qa4 Ne7 11.exd5 exd5 12.Nb3 Bb6 13.c5 Bc7 14.O-O O-O 15.Bg5 f6
16.Bf4 Re8 17.Bxc7 Qxc7 18.Nd4 Rac8 19.Rae1 Qd7 20.h3 Ng6 21.Rxe8+ Rxe8 22.Qxc6 Qxc6
23.Nxc6 Rc8 24.Nxa7 Rxc5 25.b4 Rc2 26.a4 d4 27.b5 Ne5 28.Rd1 d3 29.b6 Nd7
30.a5 Nc5 31.Nb5 Rb2 32.Nc7 Ra2 33.Rxd3 Rxa5 34.Rc3 Kf7 35.Nd5 Ke6 36.Nf4+ Kd6
37.Nh5 Ne6 38.Rb3 Ra8 39.Ng3 Rb8 40.Nf5+ Kc5 41.Rc3+ Kxb6 42.Re3 Nf4 43.Nxg7 Rg8
44.Re7 Kc6 45.Kh2 Kd5 46.g3 Ng6 47.Ra7 Rf8 48.Kg2 Kd6 49.Nf5+ Ke5 50.Ne3 f5
51.Rxh7 f4 52.Ng4+ Ke6 53.Rh6 Kf7 54.Rh7+ Ke6 55.Rh6 Kf7 56.Rh5 Re8 57.Rh7+ Ke6
58.h4 Rb8 59.Kf3 Ra8 60.Rh6 Kf7 61.h5 Ra3+ 62.Kg2 f3+ 63.Kh2 Nf8 64.Rf6+ Ke7
65.Rf5 Ne6 66.Ne5 Ng7 67.Rf7+ Ke6 68.Rxg7 Kxe5 69.Rf7 Rd3 70.Kh3  1-0